Statistics for Top 10 Dairy Producing Countries

Click here to take the quiz!

General Stats

  • This quiz has been taken 139 times
  • The average score is 8 of 10

Answer Stats

ProductionStatsAnswer% Correct
(35.7 billion kilograms)#3China
92%
(23.7 billion kilograms)#7France
92%
(91.3 billion kilograms)#1U.S.A
91%
(31.1 billion kilograms)#5Germany
90%
(13.9 billion kilograms)#10UK
90%
(60.6 billion kilograms)#2India
89%
(30.3 billion kilograms)#6Russia
85%
(34.3 billion kilograms)#4Brazil
82%
(18.9 billion kilograms)#8New Zealand
56%
(16.7 billion kilograms)#9Turkey
53%

Score Distribution

Percentile by Number Answered

Percent of People with Each Score

Your Score History

You have not taken this quiz